<?xml version="1.0" encoding="UTF-8"?>
<marc:record xmlns:marc="http://www.loc.gov/MARC21/slim">
   <marc:leader>00000nam a2200000 a 4500</marc:leader>
   <marc:datafield ind1="1" ind2=" " tag="100">
      <marc:subfield code="a">Pamuk, Orhan</marc:subfield>
      <marc:subfield code="4">aut</marc:subfield>
      <marc:subfield code="e">Verfasser/-in</marc:subfield>
   </marc:datafield>
   <marc:datafield ind1=" " ind2=" " tag="653">
      <marc:subfield code="a">Geschichte</marc:subfield>
   </marc:datafield>
   <marc:datafield ind1=" " ind2=" " tag="653">
      <marc:subfield code="a">Istanbul</marc:subfield>
   </marc:datafield>
   <marc:datafield ind1="0" ind2="0" tag="245">
      <marc:subfield code="a">Das schwarze Buch</marc:subfield>
   </marc:datafield>
   <marc:datafield ind1="0" ind2="0" tag="245">
      <marc:subfield code="b">Roman
Aus dem Türkischen von Ingrid Iren</marc:subfield>
   </marc:datafield>
   <marc:datafield ind1="0" ind2="0" tag="245">
      <marc:subfield code="c">Pamuk Orhan</marc:subfield>
   </marc:datafield>
   <marc:datafield ind1=" " ind2="1" tag="264">
      <marc:subfield code="b">Fischer Taschenbuch-Verlag</marc:subfield>
      <marc:subfield code="c">2006</marc:subfield>
   </marc:datafield>
   <marc:datafield ind1="1" ind2=" " tag="520">
      <marc:subfield code="a">Der Held dieses türkischen Romans – ein etwas windiger Anwalt namens Galip – entdeckt eines Tages, daß seine Frau und sein Cousin verschwunden sind. Er macht sich auf die Suche und glaubt zuweilen, ihnen näherzukommen, aber Istanbul wird ihm immer mehr zu einem Labyrinth geheimer Hinweise, in dem er nicht nur die beiden, sondern auch sich selbst verliert. Der eigentliche Protagonist dieses Romans ist die Stadt Istanbul. Orhan Pamuk ergründet für uns ihre Tiefen, ihre Verborgenheiten und ihre sich überlagernden Schichten, er taucht hinab in die unterirdischen Gänge, auf denen die moderne Großstadt sich erhebt – Byzantion, Byzos, Nova Roma, Konstantinopolis – die vielen Gesichter einer Stadt, die am Schnittpunkt zwischen Europa und dem Nahen Osten liegt, zwischen Geschichtsträchtigkeit und moderner Urbanität.</marc:subfield>
   </marc:datafield>
   <marc:datafield ind1="3" ind2=" " tag="024">
      <marc:subfield code="a">3596129923</marc:subfield>
   </marc:datafield>
   <marc:datafield ind1=" " ind2=" " tag="041">
      <marc:subfield code="a">ger</marc:subfield>
   </marc:datafield>
</marc:record>
